01769nam a22001577a 450000500170000000800410001704000080005804100070006608200120007310000560008524500970014126000270023830000070026552010280027265003110130020151125150205.0151125b xxu||||| |||| 00| 0 eng d aANE aEs aTV-1678 aOcles, Alexandrae asambleísta por Alianza País aAlexandra Ocles: tienen todo el derecho a movilizarse pero los argumentos no tienen asidero  aQuitobRTUc2015-11-25 ap. aAlexandra Ocles, asambleísta por Alianza País, dio su visión sobre las enmiendas constitucionales y las movilizaciones que se levantarán en contra del proyecto. Ocles mostró respeto por las movilizaciones, de las cuales expresó que “tienen todo el derecho”. No obstante reiteró que el tratamiento de las enmiendas en la Asamblea es “legal y legítimo”. Descartó que la intención de las enmiendes gire a la conveniencia de Alianza País y defendió los cambios propuestos con el fin de “ampliar derechos”. “Ninguna Constitución es perfecta, no está escrita en piedra (…) no estamos cambiando la estructura, estamos aumentando derechos y por tanto el proceso de enmiendas es legal y legítimo”, sentenció. Ocles también dio detalles de la reforma a la Ley de Registro Civil, que se trata en la Comisión de Gobiernos Autónomos. El proyecto consistiría en el retiro de algunos campos como la instrucción educativa, estado civil, entre otras reformas. (Ecuador en Vivo)  aenmiendas/Asamblea Nacional/Alianza País/Comisión Ocasional Enmiendas Constitucionales/Gobierno Nacional/ movilizaciones anunciadas/oposición/enmiendas legal y legítimo/reforma a la Ley de Registro Civil/Comisión de Gobiernos Autónomos/cambios campos/instrucción educativa/estado civil/otros/